Trao đổi với nông dân cách làm ăn
v...v
Đã lưu trong:
| Tác giả chính: | |
|---|---|
| Định dạng: | Sách |
| Năm xuất bản: |
H.
Nông nghiệp,
2006.
|
| Phiên bản: | Tái bản lần thứ 4 |
| Chủ đề: | |
| Tags: |
Thêm thẻ
Không có thẻ, Hãy là người đầu tiên gắn thẻ bản ghi này!
|
| LEADER | 02295nam a2200277 4500 | ||
|---|---|---|---|
| 082 | |a 630 |b NG527L | ||
| 100 | |a Nguyễn Lân Hùng | ||
| 245 | |a Trao đổi với nông dân cách làm ăn |c Nguyễn Lân Hùng . | ||
| 250 | |a Tái bản lần thứ 4 | ||
| 260 | |a H. |b Nông nghiệp, |c 2006. | ||
| 300 | |a 239tr. |c 19cm | ||
| 520 | |a v...v | ||
| 653 | |a KT Nông nghiệp | ||
| 653 | |a Nông dân | ||
| 942 | |2 ddc |c STK0 | ||
| 999 | |c 6091 |d 6091 | ||
| 952 | |0 0 |1 0 |2 ddc |4 0 |6 630_000000000000000_NG527L |7 0 |8 600 |9 55670 |a qbu |b qbu |c D3 |d 2015-01-14 |g 19000 |o 630 NG527L |p 6096.c1 |r 0000-00-00 |w 2015-01-14 |y STK0 |0 0 |6 630_000000000000000_NG527L | ||
| 952 | |0 0 |1 0 |2 ddc |4 0 |6 630_000000000000000_NG527L |7 0 |8 600 |9 55671 |a qbu |b qbu |c D3 |d 2015-01-14 |g 19000 |o 630 NG527L |p 6096.c2 |r 0000-00-00 |w 2015-01-14 |y STK0 |0 0 |6 630_000000000000000_NG527L | ||
| 952 | |0 0 |1 0 |2 ddc |4 0 |6 630_000000000000000_NG527L |7 0 |8 600 |9 55672 |a qbu |b qbu |c D3 |d 2015-01-14 |g 19000 |o 630 NG527L |p 6096.c3 |r 0000-00-00 |w 2015-01-14 |y STK0 |0 0 |6 630_000000000000000_NG527L | ||
| 952 | |0 0 |1 0 |2 ddc |4 0 |6 630_000000000000000_NG527L |7 0 |8 600 |9 55673 |a qbu |b qbu |c D3 |d 2015-01-14 |g 19000 |o 630 NG527L |p 6096.c4 |r 0000-00-00 |w 2015-01-14 |y STK0 |0 0 |6 630_000000000000000_NG527L | ||
| 952 | |0 0 |1 0 |2 ddc |4 0 |6 630_000000000000000_NG527L |7 0 |8 600 |9 55674 |a qbu |b qbu |c D3 |d 2015-01-14 |g 19000 |o 630 NG527L |p 6096.c5 |r 0000-00-00 |w 2015-01-14 |y STK0 |0 0 |6 630_000000000000000_NG527L | ||
| 952 | |0 0 |1 0 |2 ddc |4 0 |6 630_000000000000000_NG527L |7 0 |8 600 |9 55675 |a qbu |b qbu |c D3 |d 2015-01-14 |g 19000 |o 630 NG527L |p 6096.c6 |r 0000-00-00 |w 2015-01-14 |y STK0 |0 0 |6 630_000000000000000_NG527L | ||
| 952 | |0 0 |1 0 |2 ddc |4 0 |6 630_000000000000000_NG527L |7 0 |8 600 |9 55676 |a qbu |b qbu |c D3 |d 2015-01-14 |g 19000 |o 630 NG527L |p 6096.c7 |r 0000-00-00 |w 2015-01-14 |y STK0 |0 0 |6 630_000000000000000_NG527L | ||
| 952 | |0 0 |1 0 |2 ddc |4 0 |6 630_000000000000000_NG527L |7 0 |8 600 |9 55677 |a qbu |b qbu |c D3 |d 2015-01-14 |g 19000 |o 630 NG527L |p 6096.c8 |r 0000-00-00 |w 2015-01-14 |y STK0 |0 0 |6 630_000000000000000_NG527L | ||
| 952 | |0 0 |1 0 |2 ddc |4 0 |6 630_000000000000000_NG527L |7 0 |8 600 |9 55678 |a qbu |b qbu |c D3 |d 2015-01-14 |g 19000 |o 630 NG527L |p 6096.c9 |r 0000-00-00 |w 2015-01-14 |y STK0 |0 0 |6 630_000000000000000_NG527L | ||
| 952 | |0 0 |1 0 |2 ddc |4 0 |6 630_000000000000000_NG527L |7 0 |8 600 |9 55679 |a qbu |b qbu |c D3 |d 2015-01-14 |g 19000 |o 630 NG527L |p 6096.c10 |r 0000-00-00 |w 2015-01-14 |y STK0 |0 0 |6 630_000000000000000_NG527L | ||